000 01304 a2200253 4500
001 32166
005 20260407155622.0
008 260407a1977 arg spa d
003 AR-UNSa-BCEJYS
040 _aAR-UNSa-BCEJYS
_bspa
_cAR-UNSa-BCEJYS
080 _a658
_xAdministración de empresas. Organización comercial
245 1 0 _aTeoría, integración y administración de sistemas
264 1 _aMéxico :
_bLimusa
_c1977
300 _a400 p.
_c23 cm.
505 _a1. Teoría y administración de sistemas - 2. Planeación y conceptos de sistemas - 3. Organización y conceptos de sistemas - 4. Conceptos de control y sistemas - 5. Conceptos y sistemas de comunicación - 6. Integración de conceptos y de sistemas - 7. Administración de un sistema de armamentos - 8. Rocremática - 9. Automatización y control numérico - 10. Sitemas de procesamiento de datos - 11. Ciecnia de la administración - 12. Técnicas PERT/PEP de análisis de redes - 13. Diseño de sistemas - 14. Personas y sistemas - 15. Administración de sistemas en el futuro.
041 _aspa
942 _cBK
590 _aniveau_biblio:m niveau_hierar:0
100 1 _aJohnson, Richard A.
700 1 _aKast, Fremont E.
700 1 _aPego, Ulises
700 1 _aRosenzweig, James E.
700 1 _aMacharro Ferrer, Rafael
999 _c2265
_d2265